Function and Change: (Record no. 13711)

MARC details
000 -LEADER
fixed length control field 00535nam a22001577a 4500
008 - FIXED-LENGTH DATA ELEMENTS--GENERAL INFORMATION
fixed length control field 180316b xxu||||| |||| 00| 0 eng d
020 ## - INTERNATIONAL STANDARD BOOK NUMBER
International Standard Book Number 9781305049529
050 ## - LIBRARY OF CONGRESS CALL NUMBER
Classification number RC348
Item number CRA 2014
100 ## - MAIN ENTRY--PERSONAL NAME
Personal name Crauder, Bruce.
245 ## - TITLE STATEMENT
Title Function and Change:
Remainder of title A Modeling Approach to College Algebra with Student Solutions Guide and Technology Guide/
Statement of responsibility, etc. Bruce Crauder.
260 ## - PUBLICATION, DISTRIBUTION, ETC. (IMPRINT)
Place of publication, distribution, etc. Mason:
Name of publisher, distributor, etc. Cengage Learning,
Date of publication, distribution, etc. 2014..
300 ## - PHYSICAL DESCRIPTION
Extent xiv, 340 p. :
Other physical details ill. ;
Dimensions 28cm.
500 ## - GENERAL NOTE
General note includes index.
650 ## - SUBJECT ADDED ENTRY--TOPICAL TERM
Topical term or geographic name as entry element Functions
Form subdivision Textbooks.
942 ## - ADDED ENTRY ELEMENTS (KOHA)
Source of classification or shelving scheme Library of Congress Classification
Koha item type Books in General collection
Holdings
Withdrawn status Lost status Source of classification or shelving scheme Damaged status Not for loan Home library Current library Date acquired Total Checkouts Full call number Barcode Date last seen Date last checked out Copy number Price effective from Koha item type
    Library of Congress Classification     Mzuzu University Library and Learning Resources Centre Mzuzu University Library and Learning Resources Centre 16/03/2018 1 QA 331.3 CRA 2014 mZulm-020971 06/01/2020 20/12/2019 020971 16/03/2018 Books in General collection